Online Public Access Catalog -OPAC

Our Common Future a Readers Guide (Record no. 6120)

MARC details
000 -LEADER
fixed length control field 00412nam a2200121Ia 4500
008 - FIXED-LENGTH DATA ELEMENTS--GENERAL INFORMATION
fixed length control field 180412s9999||||xx |||||||||||||| ||und||
020 ## - INTERNATIONAL STANDARD BOOK NUMBER
International Standard Book Number 1853830100
040 ## - CATALOGING SOURCE
Original cataloging agency Ahmadu Bello University Library - Zaria
100 ## - MAIN ENTRY--PERSONAL NAME
Personal name Don Hinrichsen
245 #0 - TITLE STATEMENT
Title Our Common Future a Readers Guide
Statement of responsibility, etc. INTERNATIONAL INSTITUTE FOR ENVIRONMENT AND DEVELOPMENT.
260 ## - PUBLICATION, DISTRIBUTION, ETC.
Name of publisher, distributor, etc. IIED, London.
Date of publication, distribution, etc. 1987
300 ## - PHYSICAL DESCRIPTION
Extent 38p.
500 ## - GENERAL NOTE
General note Our common future a readers guide.

No items available.

Customized by ICT Technical Service Unit on 29th Dec 2022

Kashim Ibrahim Library